01239nam a22003134a 4500001001200000003000800012006001900020007001500039008004100054010001700095020002600112040002100138035002000159050002400179082001200203100002700215245012000242260006600362300002400428504006400452533015200516650002800668650002800696650001400724655002900738710001700767856012600784999001500910ebr10005730CaPaEBRm u cr cn|||||||||000511s2001 enka sb 001 0 eng  z 00040345  z0521770629 (hardback) aCaPaEBRcCaPaEBR a(OCoLC)5635209414aHV2474b.T38 2001eb04a4192211 aTaub, Sarah F.,d1968-10aLanguage from the bodyh[electronic resource] :biconicity and metaphor in American Sign Language /cSarah F. Taub. aCambridge, UKaNew York :bCambridge University Press,c2001. axvi, 256 p. :bill. aIncludes bibliographical references (p. 239-247) and index. aElectronic reproduction.bPalo Alto, Calif. :cebrary,d2013.nAvailable via World Wide Web.nAccess may be limited to ebrary affiliated libraries. 0aAmerican Sign Language. 0aIconicity (Linguistics) 0aMetaphor. 7aElectronic books.2local2 aebrary, Inc.40uhttp://site.ebrary.com/lib/rucke/Doc?id=10005730zAn electronic book accessible through the World Wide Web; click to view c3433d3433